000 00737cab a2200217 4500
001 WB3416-50
008 090401t1998 xxu||||| |||| 00| 0 eng d
035 _a(Sirsi) u85915
041 _aeng
245 _aFarmland market divides
260 _c1998
350 _a0
490 _aRICS Press Release
_v(pr51.rur) 27 April 1998, (2)
520 _aThere is a growing divide in farm prices between purely commercial concerns and those with residential or amenity appeal, according to the RICS Farmland Survey for 1Q 1998. Copies available from the RICS Library, price £30.
650 _aFARM INCOMES
650 _aFARM PRICES
650 _aRICS FARMLAND SURVEY
690 _aRURAL PRACTICE
942 _n0
948 _c30/04/1998
999 _c54046
_d54046